| 000 | 00760nam a22002177a 4500 | ||
|---|---|---|---|
| 999 |
_c17978 _d17978 |
||
| 003 | AR-CdUCM | ||
| 008 | 190510b ||||| |||| 00| 0 spa d | ||
| 040 |
_aMUNICIPALIDAD PROVINCIAL DEL CUSCO _cBIBLIOTECA MUNICIPAL DEL CUSCO |
||
| 082 |
_a539.722 / _bZ82 |
||
| 100 |
_aZhdanov, G. B. _938277 |
||
| 245 | _aLos rayos cósmicos / | ||
| 260 |
_aArgentina : _bLautaro, _c1959. |
||
| 300 |
_a166 páginas ; _c18 cm. |
||
| 440 |
_aSerie técnica y ciencia _938278 |
||
| 505 | _aContenido : Fracaso que sentó las bases de un descubrimiento -- ¿Como ver un rayo invisible? -- ¿Rayos o partículas de materia? ... | ||
| 650 |
_aRayos _938279 |
||
| 650 |
_aPartículas _938280 |
||
| 650 |
_aMateria _9883 |
||
| 942 |
_2ddc _cLIBROS |
||
| 945 |
_arah _d10/05/2019 |
||